00663nam a2200181 a 4500008004100000020001500041050001300056100001700069245002800086246003300114260004900147300002000196350000900216700001700225995010200242999001700344952012000361120416s1998 ||||||||||||||||| || u a0748730648 aP 90 Gen a[and others]10aGNVQ Intermediate media acommunication and production aCheltenhambStanley Thornes Publishersc1998 ax, 304p. : ill. a0.00 aStarkey, Guy D0.00FCBU-MAIN LIBRARY (Kitwe)H1I15.00M1UAVAILABLEWApr 27, 2007ZAnnex Low-Usage Collection  c44759d44759 00102lcc4070a001b001cAnnex Low-Usage Collection d2022-11-30l0oP 90 Genp40427r2022-11-30w2022-11-30y002